МАРК-запис
| 000 -Лідер |
| fixed length control field |
02301nam a22003137a 4500 |
| 003 - Ідентифікатор контрольного номера |
| control field |
UA-OsUOA |
| 001 - Контрольний номер |
| control field |
68610 |
| 007 - Фіксоване поле фізичного опису |
| fixed length control field |
ta |
| 008 - Елементи даних фіксованої довжини – загальна інформація |
| fixed length control field |
20100506b un ||||| |||| 00| 0 ukr d |
| 090 ## - Локальний шифр розміщення |
| Класифікаційний індекс УДК |
82.09(091)(477) |
| Авторський знак (НП) |
Г75 |
| 040 ## - Джерело каталогізації |
| Агенція оригінальної каталогізації |
UA-OsUOA |
| Мова каталогізації |
ukr |
| Агенція, яка здійснювала перезапис |
UA-OsUOA |
| Агенція, яка здійснювала модифікацію |
UA-OsUOA |
| 041 ## - Код мови |
| Код мови тексту/ звукової доріжки чи окремого заголовка (П) |
ukr |
| 080 ## - Індекс Універсальної десяткової класифікації |
| Індекс Універсальної десяткової класифікації (УДК) (НП) |
82.09(091)(477) |
| 020 ## - Міжнародний стандартний книжковий номер (ISBN) |
| Міжнародний стандартний книжковий номер (ISBN) (НП) |
966-7679-27-6 |
| 100 ## - Основне введення – ім’я особи |
| Ім’я особи (НП) |
Грабович Г. |
| 245 ## - Відомості про назву |
| Назва (НП) |
До історії української літератури |
| Решта назви (НП) |
дослідження, есеї, полеміка |
| 260 ## - Публікація, розповсюдження і т.п. (Вихідні дані) |
| Місце публікації, розповсюдження і т.п. (П) |
К. |
| Ім’я/ наймення видавництва, розповсюджувача і т.п. (П) |
Критика |
| Дата публікації, розповсюдження і т.п. (П) |
2003 |
| 300 ## - Фізичний опис |
| Обсяг |
631 с. |
| 520 3# - Резюме і т.п. |
| Резюме, реферат, анотація, тощо (НП) |
еорія та історія: "горизонт сподівань" і рання рецепція нової української літератури (2)II. ПЕРСПЕКТИВИ ТА ВЗАЄМОПОВ’ЯЗАННЯПольсько-українські літературні взаємини: питання культурної перспективиГрані міфічного: образ України в п |
| 520 3# - Резюме і т.п. |
| Резюме, реферат, анотація, тощо (НП) |
діалектика відсутностіДо ідеології Ренесансу в українській літературі: Касіяна Саковича "ВЂршЂ на жалосный погреб зацного рыцера Петра Конашевича Сагайдачного""Wojna domowa" Самуеля Твардовського: літературний контекст і аспекти жанруСема |
| 520 3# - Резюме і т.п. |
| Резюме, реферат, анотація, тощо (НП) |
нтика котляревщиниДиптих про ТичинуІ. Поезія відновленняII. "Чернігів"Голоси української еміграційної поезіїIV. ДИСКУСІЇ, ПОЛЕМІКАСергій Єфремов як історик українського письменстваДо історії української літератури ( |
| 520 3# - Резюме і т.п. |
| Резюме, реферат, анотація, тощо (НП) |
2)Ще про "неісторичні" нації і "неповні" літературиЕкзорцизм українського модернізмуБібліографія вміщених працьПокажчик імен |
| 520 3# - Резюме і т.п. |
| Резюме, реферат, анотація, тощо (НП) |
|
| 520 3# - Резюме і т.п. |
| Резюме, реферат, анотація, тощо (НП) |
|
| 650 #7 - Додаткове предметне введення – тематичний термін |
| Тематичний термін чи географічна назва, як елемент введення (НП) |
82 Література. Літературознавство |
| Джерело заголовка чи терміна |
UDC |
| 942 ## - Додаткові елементи входу (Коха) |
| Тип елемента Koha |
Книги |
| 955 ## - Код типу видання за змістом |
| Код типу видання за змістом (НП) |
Наукові видання |